Cápsulas

Wedi'i Gadw mewn:
Manylion Llyfryddiaeth
Prif Awdur: Bunge, Mario (Awdur)
Fformat: Llyfr
Iaith:Sbaeneg
Cyhoeddwyd: Barcelona Gedisa 2003
Rhifyn:1a. ed
Cyfres:Colección Libertad y Cambio
Pynciau:
Tagiau: Ychwanegu Tag
Dim Tagiau, Byddwch y cyntaf i dagio'r cofnod hwn!

MARC

LEADER 00000nam a2200000 a 4500
001 UCL7251
003 CL-VaPUC
008 040514e20030000SP |||||||||||||||||spa|d
020 |a 8474329523 
082 0 4 |a 199.82  |b BUN  |2 21 
100 0 |a Bunge, Mario  |e author  |9 485113 
245 1 0 |a Cápsulas 
250 |a 1a. ed 
300 |a 255 p 
942 |c BK 
945 |d 20040514 00:00:00  |a cmena 
260 |a Barcelona  |b Gedisa  |c 2003 
650 0 |a Filosofía contemporánea  |9 265372 
650 7 |a FILOSOFOS ARGENTINOS  |2 CL-VaPUC  |9 464631 
650 0 |a Escuelas filosóficas   |9 266232 
583 |a last modification  |c 20040514 00:00:00  |k Rodrigo Vera 
490 0 |a Colección Libertad y Cambio 
999 |c 309099  |d 309097 
952 |0 0  |1 0  |4 0  |6 199_820000000000000_BUN_2003  |7 0  |8 A  |9 376385  |a BIBEDU  |b BIBEDU  |d 2019-11-21  |i 4013247  |o 199.82 BUN 2003  |p 4013247  |r 2019-11-21  |w 2019-11-21  |y BK  |k FIL